000
00334nam a22001457a 4500
008
230508b ||||| |||| 00| 0 eng d
020
_a
9781555709082
041
_a
eng
080
_2
3RD EDITION
_a
070
082
_a
070NIL
100
_a
18
101
_a
MEDIA
245
_a
COMMUNICATING PROFESSIONALLY
_c
NILSEN.K
942
_2
udc
_c
BK
999
_c
59666
_d
59666